00298nam a22001097a 4500020002200000082001500022100001800037245007100055260002800126300000800154650002600162 a978-0-19-946514-9 a954.01 PAR aPARPOLA, Asko aThe Roots of Hinduism: The early Aryans and the Indus Civilization aNew DelhibOxfordc2015 a363 aINDIA-History-Ancient